埼玉西武ライオンズ全選手(2025開幕時点) - Statistics

General Stats
  • This quiz has been taken 70 times
  • The average score is 45 of 66
Answer Stats
背番号 選手名 % Correct
6 源田 壮亮
98%
5 外崎 修汰
96%
1 栗山 巧
94%
26 ネビン
94%
48 今井 達也
91%
60 中村 剛也
91%
61 平良 海馬
91%
51 西川 愛也
89%
62 滝澤 夏央
89%
63 長谷川 信哉
89%
13 髙橋 光成
87%
00 仲田 慶介
83%
0 児玉 亮涼
83%
22 古賀 悠斗
83%
40 セデーニョ
83%
12 渡邉 勇太朗
81%
16 隅田 知一郎
81%
30 元山 飛優
81%
27 炭谷 銀仁朗
79%
45 ウィンゲンター
79%
66 渡部 健人
79%
8 渡部 聖弥
77%
9 蛭間 拓哉
74%
15 與座 海人
74%
37 柘植 世那
74%
32 山村 崇嘉
72%
36 山田 陽翔
72%
58 中村 祐太
72%
71 菅井 信也
72%
10 佐藤 龍世
70%
4 山野辺 翔
68%
17 松本 航
68%
21 武内 夏暉
68%
31 平沼 翔太
68%
34 甲斐野 央
68%
19 佐藤 隼輔
66%
43 羽田 慎之介
66%
99 村田 怜音
66%
2 齋藤 大翔
64%
11 上田 大河
64%
56 ラミレス
64%
57 黒田 将矢
64%
67 野村 大樹
64%
54 黒木 優太
62%
68 岸 潤一郎
62%
20 田村 伊知郎
60%
52 篠原 響
60%
25 平井 克典
57%
53 牧野 翔矢
57%
65 古市 尊
57%
69 水上 由伸
57%
35 松原 聖弥
55%
39 平沢 大河
55%
47 杉山 遙希
55%
42 ボー・タカハシ
51%
50 髙松 渡
51%
59 古賀 輝希
49%
41 成田 晴風
43%
44 林 冠臣
43%
23 糸川 亮太
40%
29 青山 美夏人
40%
46 狩生 聖真
40%
33 古川 雄大
38%
75 奥村 光一
38%
64 龍山 暖
36%
70 豆田 泰志
34%
No matching quizzes found
Score Distribution
Percent of People with Each Score
Percentile by Number Answered
Your Score History
You have not taken this quiz